000 00869nas a2200277 4500
001 BR2013007342
003 BR-BrBNA
005 20231205122929.0
007 ta
008 230509b bl.|||p| |||| 00| 00por d
040 _aBR-BrBNA
_bpor
_cBiblioteca Nacional de Agricultura
041 _a(En)
072 _aT01; P33
100 1 _aHigashikawa, F.S.
100 1 _aSilva, C.A.
100 1 _aBettiol, W.
245 1 _aChemical and physical properties of organic residues
650 _aRESÍDUO ORGÂNICO
650 _aSOLO
650 _aCONTAMINAÇÃO
650 _aPROPRIEDADE FÍSICO-QUÍMICA
773 0 _tRevista Brasileira de Ciência do Solo (Brazil)
_xISSN 0100-0683
_g(Sep-Oct 2010), v. 34(5) p. 1743-1752
_wBR2013007342
856 4 0 _uhttp://www.scielo.br/pdf/rbcs/v34n5/26.pdf
909 _a202311
_bLúcia
_c55
_dLúcia Elande
942 _2AGRIS
_n0
_cANA
999 _c231313
_d231313